| Tag |
First Indicator |
Second Indicator |
Subfields |
| LEADER |
00000cam a2200000 a 4500 |
| 001 |
in00000836021 |
| 005 |
20151019051028.0 |
| 008 |
801111s1980 ohu f00010 eng d |
| 010 |
|
|
|a gp 83011009
|
| 035 |
|
|
|a (OCoLC)06947348
|
| 035 |
|
|
|9 ADY9707AM
|
| 040 |
|
|
|a AGL
|c AGL
|d GPO
|d UtOrBLW
|
| 043 |
|
|
|a n-us---
|
| 070 |
|
|
|a RA565.E58
|b No.80-030
|
| 072 |
|
0 |
|a X300
|a W000
|
| 074 |
|
|
|a 431-I-23
|
| 086 |
0 |
|
|a EP 1.23/4:600/1-80-030
|
| 100 |
1 |
|
|a Jorgenson, Ted A.
|
| 245 |
1 |
0 |
|a Effects of chloroform in the drinking water of rats and mice :
|b ninety-day subacute toxicity study /
|c by Ted A. Jorgenson and Carol J. Rushbrook.
|
| 264 |
|
1 |
|a Cincinnati, Ohio :
|b Health Effects Research Laboratory, Office of Research and Development, U.S. Environmental Protection Agency ;
|c 1980.
|
| 264 |
|
2 |
|a Springfield, Va. :
|b National Technical Information Service [distributor],
|
| 300 |
|
|
|a vii, 36 pages ;
|c 28 cm.
|
| 336 |
|
|
|a text
|b txt
|2 rdacontent
|
| 337 |
|
|
|a unmediated
|b n
|2 rdamedia
|
| 338 |
|
|
|a volume
|b nc
|2 rdacarrier
|
| 490 |
1 |
|
|a Research reporting series. 1, Environmental health effects research ;
|v EPA-600/1-80-030
|
| 500 |
|
|
|a "Mammalian Toxicology Program, SRI International."
|
| 500 |
|
|
|a "July 1980."
|
| 500 |
|
|
|a "Contract number 68-03-2616."
|
| 650 |
|
0 |
|a Chloroform
|x Toxicology.
|
| 650 |
|
0 |
|a Drinking water
|x Contamination
|x Physiological effect.
|
| 700 |
1 |
|
|a Rushbrook, Carol J.
|
| 710 |
2 |
|
|a Health Effects Research Laboratory (Cincinnati, Ohio)
|
| 710 |
2 |
|
|a SRI International.
|b Mammalian Toxicology Program.
|
| 830 |
|
0 |
|a Research reporting series.
|n 1,
|p Environmental health effects research ;
|v EPA-600/1-80-030.
|
| 999 |
|
|
|a MARS
|
| 999 |
f |
f |
|s 74976382-aa67-3031-adc8-1df2c8b63e48
|i 91300e49-fe0f-3213-8196-e0bf3d76cc71
|t 0
|
| 952 |
f |
f |
|p normal
|a Texas A&M University
|b College Station
|c Sterling C. Evans Library
|d Evans: US Documents (Annex 5th floor)
|t 0
|e EP 1.23/4: 600/1-80-030
|h Superintendent of Documents classification
|i unmediated -- volume
|m A14814495581
|
| 998 |
f |
f |
|a EP 1.23/4: 600/1-80-030
|t 0
|l Evans: US Documents (Annex 5th floor)
|